[Event "MDA-ch"]
[Site "Kishinev"]
[Date "2022.02.19"]
[Round "1"]
[White "Baranciuc, Alexandr"]
[Black "Rascu, Dmitrii"]
[Result "1-0"]
[WhiteElo "2074"]
[BlackElo "1794"]
[PlyCount "81"]
[EventDate "2022.02.19"]
[EventType "swiss"]
[EventRounds "9"]
[EventCountry "MDA"]
[SourceTitle "CBM 207 Extra"]
[Source "ChessBase"]
[SourceDate "2022.05.31"]
[SourceVersion "1"]
[SourceVersionDate "2022.05.31"]
[SourceQuality "1"]

1. c4 Nf6 2. Nf3 e6 3. b3 d5 4. Bb2 Be7 5. g3 0-0 6. Bg2 b6 7. 0-0 Bb7 8. e3 c5 9. Nc3 dxc4 10. bxc4 Nc6 11. Qe2 Rc8 12. Ne1 Qd7 13. f4 Rfd8 14. d3 a6 15. g4 Nb4 16. Bxb7 Qxb7 17. a3 Nc6 18. a4 Nb4 19. Rd1 Ne8 20. g5 Nc7 21. Qh5 f6 22. Rf3 g6 23. Qh6 Bf8 24. Qh4 f5 25. Rh3 Ne8 26. e4 Rd7 27. exf5 exf5 28. Ba3 Rcd8 29. Bxb4 cxb4 30. Nd5 Rxd5 31. cxd5 Rxd5 32. Re3 Nc7 33. Nf3 Rd8 34. Rde1 Nd5 35. Re6 Nc3 36. Qf2 Qd5 37. Re8 Rxe8 38. Rxe8 Kg7 39. Qe3 b3 40. Nd4 Qxd4 41. Qxd4+ 1-0

[Event "MDA-ch"]
[Site "Kishinev"]
[Date "2021.02.20"]
[Round "1"]
[White "Rascu, Dmitrii"]
[Black "Soltanici, Ruslan"]
[Result "0-1"]
[WhiteElo "1942"]
[BlackElo "2410"]
[PlyCount "94"]
[EventDate "2021.02.20"]
[EventType "swiss"]
[EventRounds "9"]
[EventCountry "MDA"]
[SourceTitle "EXT 2022"]
[Source "ChessBase"]
[SourceDate "2021.10.06"]
[SourceVersion "1"]
[SourceVersionDate "2021.10.06"]
[SourceQuality "1"]

1. d4 Nf6 2. c4 e6 3. Nc3 Bb4 4. Qc2 c5 5. dxc5 Qc7 6. Nf3 a6 7. a3 Bxc5 8. b4 Be7 9. e3 d6 10. Be2 b6 11. Bb2 Bb7 12. 0-0 Nbd7 13. Rfd1 0-0 14. Rac1 Rac8 15. Qb1 Qb8 16. Ne1 Rfe8 17. Qa2 Rc7 18. Bf3 Rec8 19. Bxb7 Qxb7 20. Ne2 e5 21. Qb3 Bf8 22. Ng3 b5 23. cxb5 axb5 24. Nf3 Rxc1 25. Rxc1 Rxc1+ 26. Bxc1 Qc6 27. Bb2 Nb6 28. Nd2 g6 29. f3 Bh6 30. Nge4 Nfd5 31. Nf1 Qc4 32. Qxc4 Nxc4 33. Bc1 f5 34. Neg3 Ndxe3 35. Nxe3 Bxe3+ 36. Bxe3 Nxe3 37. Ne2 Nc4 38. Kf2 Kf7 39. a4 bxa4 40. Nc3 a3 41. Ke2 Ke6 42. Kd3 d5 43. Kc2 d4 44. Na2 e4 45. fxe4 fxe4 46. Kb3 Kd5 47. b5 Kc5 0-1

[Event "Satu Mare Szabo Memorial"]
[Site "Satu Mare"]
[Date "2019.08.06"]
[Round "7"]
[White "Rascu, Dmitrii"]
[Black "Bodrogi, Bendeguz"]
[Result "0-1"]
[WhiteElo "1682"]
[BlackElo "1911"]
[PlyCount "58"]
[EventDate "2019.08.02"]
[EventType "swiss"]
[EventRounds "9"]
[EventCountry "ROU"]
[SourceTitle "EXT 2021"]
[Source "ChessBase"]
[SourceDate "2020.10.23"]
[SourceVersion "1"]
[SourceVersionDate "2020.10.23"]
[SourceQuality "1"]

1. d4 Nf6 2. c4 c5 3. d5 b5 4. Nd2 g6 5. e4 d6 6. b3 Bg7 7. Bb2 0-0 8. Qc2 e6 9. Bd3 exd5 10. cxd5 Bd7 11. Ne2 Na6 12. a3 Nc7 13. 0-0 Re8 14. h3 Rb8 15. f4 a5 16. Rae1 a4 17. bxa4 c4 18. Bxc4 bxc4 19. Ng3 Rxb2 20. Qxb2 Nxe4 21. Qb6 Nxg3 22. Rxe8+ Bxe8 23. Re1 Nf5 24. Kh2 Bd4 25. Qa5 Qh4 26. Nf3 Qxf4+ 27. Kh1 Ng3+ 28. Kh2 Nf1+ 29. Kh1 Qh2+ 0-1